Sports Quiz

Random Sports Quiz

Cupfinalen 2005, Asker Quiz Stats

Quiz not verified by Sporcle

Challenge
Share
Tweet
Embed
Score 0/11 Timer 10:00
0 Plays Today
Posisjon Spiller % Correct
SpissLise Klaveness
75.9%
KeeperBente Nordby
69%
SpissMelissa Wiik
69%
MidtbaneDorte Nordby
48.3%
MidtbaneKristin Stundal
44.8%
MidtbaneLeni Larsen Kaurin
27.6%
ForsvarSiri Nordeide Grønli
24.1%
ForsvarLisa-Marie Woods
24.1%
ForsvarToril Akerhaugen
20.7%
ForsvarBente Kvitland
17.2%
MidtbaneDitte Larsen
17.2%

You're not logged in!

Compare scores with friends on all Sporcle quizzes.
Join for Free
OR
Log In

You Might Also Like...

Show Comments

Extras

Created Jun 21, 2017ReportNominate
Tags:2005, husker, som

Top Quizzes Today


Score Distribution

Your Account Isn't Verified!

In order to create a playlist on Sporcle, you need to verify the email address you used during registration. Go to your Sporcle Settings to finish the process.

Report this User

Report this user for behavior that violates our Community Guidelines.

Details: